000 01067nam a22003377a 4500
001 BR0202981
003 BR-BrBNA
005 20230928101113.0
007 ta
008 230509b bl.||||| |||| 00| 0 por d
040 _aBR-BrBNA
_bpor
_cBiblioteca Nacional de Agricultura
041 _a(Por)
072 _aK10; U10
_b3240
090 _ 3240 BR0202981
100 1 _aAmaral, T.M. do
110 1 _aEscola Superior de Agricultura Luiz de Queiroz, Piracicaba, SP (Brasil)
_0Tese (Mestre em Recursos Florestais)
245 1 _aInclusão do controle de deflúvio em modelos de gestão florestal: um estudo no Vale do Paraíba-SP
260 3 _aPiracicaba, SP (Brasil):
_c2002.
300 _a64 p.
500 _aSummaries (Eng, Por); 29 ref.; 9 illus.; 11 tables
650 _aFLORESTA
650 _aEUCALIPTO
650 _aBACIA HIDROGRÁFICA
650 _aESCOAMENTO
650 _aPLANEJAMENTO FLORESTAL
650 _aRECURSO HÍDRICO
650 _aMODELO MATEMÁTICO
650 _aSÃO PAULO
909 _a202309
_bLucia
_c55
_dLucia Elande
942 _cBK
999 _c64275
_d64275